000 08897cam a22011774i 4500
001 u166774
003 PE-LiUPU
005 20250731173354.0
008 150706s2008 flu r 000 0 spa d
020 _a9789875674271
035 _a(Sirsi) i9789875674271
040 _aPE-LiUPU
_bspa
_cPE-LiUPU
_erda
049 _aPRUA
082 0 4 _a286.7325
_bDTG
_221
100 1 _aWhite, Elena G. de,
_eautor.
245 1 3 _aEl Deseado de todas las gentes /
_cElena G. de White.
250 _aCuarta edición.
264 1 _aFlorida :
_bAsoc. Casa Editora Sudamericana,
_c2008.
300 _a797 páginas ;
_c21 centímetros
336 _atext
_2rdacontent
337 _aunmediated
_2rdamedia
338 _avolume
_2rdacarrier
505 0 _aDios con nosotros -- El pueblo elegido -- "El cumplimiento del tiempo" -- Un Salvador ha nacido -- La dedicación -- "Su estrella hemos visto" -- La niñez de Cristo -- La visita pascual -- Días de conflicto -- La voz en el desierto -- El bautismo -- La tentación -- La victoria -- "Hemos hallado al Mesías" -- En las bodas de Caná -- En su templo -- Nicodemo -- "Es necesario que él crezca" -- Junto al pozo de Jacob -- "Si no ven señales y milagros" -- Betesda y el Sanedrín -- Encarcelamiento y muerte de Juan -- "El reino se ha acercado" -- "¿No es este el hijo del carpintero?" -- El llamamiento a orillas del mar.
526 _aSEG42
526 _aSEG41
526 _aSEG40
526 _aSEG39
526 _aP94
526 _aP87
526 _aP86
526 _aP85
526 _aP77
526 _aP76
526 _aP35
541 _g0800-00000010;
541 _g001000262;
541 _g001000262;
541 _g001000262;
650 0 4 _aJesucristo.
856 4 2 _uhttps://media2.egwwritings.org/swf/es_DTG(DA)/index.html
856 4 2 _uhttps://media2.egwwritings.org/swf/es_DTG(DA)/index.html
856 4 2 _uhttps://media2.egwwritings.org/swf/es_DTG(DA)/index.html
856 4 2 _uhttps://media2.egwwritings.org/swf/es_DTG(DA)/index.html
856 4 2 _uhttps://media2.egwwritings.org/swf/es_DTG(DA)/index.html
856 4 2 _uhttps://media2.egwwritings.org/swf/es_DTG(DA)/index.html
856 4 2 _uhttps://media2.egwwritings.org/swf/es_DTG(DA)/index.html
856 4 2 _uhttps://media2.egwwritings.org/swf/es_DTG(DA)/index.html
856 4 2 _uhttps://media2.egwwritings.org/swf/es_DTG(DA)/index.html
856 4 2 _uhttps://media2.egwwritings.org/swf/es_DTG(DA)/index.html
856 4 2 _uhttps://media2.egwwritings.org/swf/es_DTG(DA)/index.html
856 4 2 _uhttps://media2.egwwritings.org/swf/es_DTG(DA)/index.html
856 4 2 _uhttps://media2.egwwritings.org/swf/es_DTG(DA)/index.html
856 4 2 _uhttps://media2.egwwritings.org/swf/es_DTG(DA)/index.html
856 4 2 _uhttps://media2.egwwritings.org/swf/es_DTG(DA)/index.html
856 4 2 _uhttps://media2.egwwritings.org/swf/es_DTG(DA)/index.html
910 _bjv
_clch
_d20100905
942 _2ddc
_cBOOK
949 _a286.7325 DTG 2007
_wDEWEY
_c1
_iCW00383
_lCIAE1
_mBWL
_p20.00
_r1
_sY
_tBOOK
_u2018-1-12
_xWHITE
_zUNKNOWN
_0COMPRA
_o.STAFF. Centro White
949 _a286.7325 DTG 2007
_wLC
_c1
_i75412
_d2017-10-23
_e2017-10-23
_f2018-2-7
_g1
_lCCODEBUL1
_mBUL
_n6
_p5.00
_q1
_r0
_sY
_tBOOK
_u2017-2-7
_xTEOLOGIA
_PP35
_0DONACION
_o.STAFF. Colección Teología
949 _aW232.9 DTG 2007
_wDEWEY
_c1
_iFJ07355
_d2017-6-15
_e2017-6-14
_f2017-12-28
_g1
_lCCODECWJ1
_mBUJ
_n2
_p10.00
_r0
_sY
_tBOOK
_u2017-3-21
_xBIBLIOTECA
_zUNKNOWN
_0COMPRA
_o.STAFF. Colección General Juliaca
949 _aW232.9 DTG 2007
_wDEWEY
_c2
_iFJ07356
_d2017-4-26
_e2017-4-26
_f2017-12-28
_g1
_lCCODEBUJ1
_mBUJ
_n1
_p10.00
_r0
_sY
_tBOOK
_u2017-3-21
_xBIBLIOTECA
_zUNKNOWN
_0COMPRA
_o.STAFF. Colección General Juliaca
949 _aW232.9 DTG 2007
_wDEWEY
_c3
_iFJ07357
_d2017-6-15
_e2017-6-14
_f2017-12-28
_g1
_lCCODEBUJ1
_mBUJ
_n2
_p10.00
_r0
_sY
_tBOOK
_u2017-3-21
_xBIBLIOTECA
_zUNKNOWN
_0COMPRA
_o.STAFF. Colección General Juliaca
949 _aW232.9 DTG 2007
_wDEWEY
_c4
_iFJ07358
_d2018-3-28
_e2018-3-26
_f2017-12-28
_g1
_lCCODEBUJ1
_mBUJ
_n2
_p10.00
_r0
_sY
_tBOOK
_u2017-3-21
_xBIBLIOTECA
_zUNKNOWN
_0COMPRA
_o.STAFF. Colección General Juliaca
949 _aW232.9 DTG 2007
_wDEWEY
_c5
_iFJ07359
_d2018-3-27
_e2018-3-26
_f2017-12-28
_g1
_lCCODEBUJ1
_mBUJ
_n3
_p10.00
_r0
_sY
_tBOOK
_u2017-3-21
_xBIBLIOTECA
_zUNKNOWN
_0COMPRA
_o.STAFF. Colección General Juliaca
949 _aW232.9 DTG 2007
_wDEWEY
_c6
_iFJ07360
_d2018-3-28
_e2018-3-26
_f2017-12-28
_g1
_lCCODEBUJ1
_mBUJ
_n3
_p10.00
_r0
_sY
_tBOOK
_u2017-3-21
_xBIBLIOTECA
_zUNKNOWN
_0COMPRA
_o.STAFF. Colección General Juliaca
949 _aW232.9 DTG 2007
_wDEWEY
_c7
_iFJ07361
_d2018-3-28
_e2018-3-27
_f2017-12-28
_g1
_lCCODEBUJ1
_mBUJ
_n2
_p10.00
_q1
_r0
_sY
_tBOOK
_u2017-3-21
_xBIBLIOTECA
_zUNKNOWN
_0COMPRA
_o.STAFF. Colección General Juliaca
949 _aW286.7325 DTG 2007
_wDEWEY
_c1
_iFT01831
_d2017-11-20
_e2017-11-17
_lCCODEBUT1
_mBUT
_n3
_p20.00
_r0
_sY
_tBOOK
_u2016-8-25
_xBIBLIOTECA
_zUNKNOWN
_0DONACION
_o.STAFF. Centro White
949 _aW286.7325 DTG 2007
_wDEWEY
_c1
_iFT01832
_lCCODEBUT1
_mBUT
_p3.00
_r0
_sY
_tBOOK
_u2016-8-25
_xBIBLIOTECA
_zUNKNOWN
_0DONACION
_o.STAFF. Colección General
994 a _aC0
_bPEPRU
856 4 2 _uhttps://media2.egwwritings.org/swf/es_DTG(DA)/index.html
856 4 2 _uhttps://media2.egwwritings.org/swf/es_DTG(DA)/index.html
856 4 2 _uhttps://media2.egwwritings.org/swf/es_DTG(DA)/index.html
856 4 2 _uhttps://media2.egwwritings.org/swf/es_DTG(DA)/index.html
856 4 2 _uhttps://media2.egwwritings.org/swf/es_DTG(DA)/index.html
856 4 2 _uhttps://media2.egwwritings.org/swf/es_DTG(DA)/index.html
856 4 2 _uhttps://media2.egwwritings.org/swf/es_DTG(DA)/index.html
856 4 2 _uhttps://media2.egwwritings.org/swf/es_DTG(DA)/index.html
856 4 2 _uhttps://media2.egwwritings.org/swf/es_DTG(DA)/index.html
856 4 2 _uhttps://media2.egwwritings.org/swf/es_DTG(DA)/index.html
856 4 2 _uhttps://media2.egwwritings.org/swf/es_DTG(DA)/index.html
856 4 2 _uhttps://media2.egwwritings.org/swf/es_DTG(DA)/index.html
856 4 2 _uhttps://media2.egwwritings.org/swf/es_DTG(DA)/index.html
856 4 2 _uhttps://media2.egwwritings.org/swf/es_DTG(DA)/index.html
856 4 2 _uhttps://media2.egwwritings.org/swf/es_DTG(DA)/index.html
856 4 2 _uhttps://media2.egwwritings.org/swf/es_DTG(DA)/index.html
856 4 2 _uhttps://media2.egwwritings.org/swf/es_DTG(DA)/index.html.
596 _a1
999 _a286.7325 DTG
_wDEWEY
_c51157
_i62043
_d51157
_e2019-3-31
_f2019-12-9
_g5
_lCCODEBUL1
_mBUL
_n3
_p15.00
_q1
_r0
_sY
_tBOOK
_u2015-7-6
_xTEOLOGIA
_PP35
_0COMPRA
_o.STAFF. Colección Teología
999 _a286.7325 DTG
_wDEWEY
_c2
_i62044
_d2018-3-13
_e2015-7-24
_kLOST-CLAIM
_lLOST
_mBUL
_n1
_p10.00
_r1
_sY
_tBOOK
_u2015-7-6
_xBIBLIOTECA
_zUNKNOWN
_o.STAFF. Colección General
999 _a286.7325 DTG
_wDEWEY
_c3
_i62045
_d2019-5-28
_e2019-4-3
_f2019-12-11
_g5
_lDISCARD
_mBUL
_n7
_p10.00
_q1
_r0
_sY
_tBOOK
_u2015-7-6
_xTEOLOGIA
_PP35
_0COMPRA
_o.STAFF. Colección Teología
999 _a286.7325 DTG
_wDEWEY
_c4
_i72121
_d2019-11-20
_e2019-11-18
_f2021-11-11
_g6
_lCCODEBUL1
_mBUL
_n26
_p10.00
_q13
_r0
_sY
_tBOOK
_u2015-11-24
_xTEOLOGIA
_PP35
_0COMPRA
_o.STAFF. Colección Teología
999 _a286.7325 DTG
_wDEWEY
_c5
_i72122
_d2022-7-4
_e2019-5-27
_f2021-11-11
_g6
_lCCODEBUL1
_mBUL
_n15
_p10.00
_q11
_r0
_sY
_tBOOK
_u2015-11-24
_xTEOLOGIA
_PP35
_0COMPRA
_o.STAFF. Colección Teología
999 _a286.7325 DTG
_wDEWEY
_c6
_i72123
_d2019-6-12
_e2019-6-11
_f2021-11-11
_g6
_lCCODEBUL1
_mBUL
_n17
_p10.00
_q7
_r0
_sY
_tBOOK
_u2015-11-24
_xTEOLOGIA
_PP35
_0COMPRA
_o.STAFF. Colección Teología
999 _a286.7325 DTG
_wDEWEY
_c7
_i72124
_d2019-10-24
_e2019-5-16
_f2021-11-11
_g6
_lCCODEBUL1
_mBUL
_n13
_p10.00
_q4
_r0
_sY
_tBOOK
_u2015-11-24
_xTEOLOGIA
_zUNKNOWN
_0COMPRA
_o.STAFF. Colección General
999 _a286.7325 DTG
_wDEWEY
_c8
_i72125
_d2017-11-15
_e2017-11-14
_f2021-11-11
_g4
_lCCODEBUL1
_mBUL
_n16
_p10.00
_r0
_sY
_tBOOK
_u2015-11-24
_xTEOLOGIA
_zUNKNOWN
_0COMPRA
_o.STAFF. Colección General
999 _a286.7325 DTG
_wDEWEY
_c9
_i72126
_d2019-5-29
_e2018-5-27
_f2021-11-11
_g7
_lCCODEBUL1
_mBUL
_n17
_p10.00
_q4
_r0
_sY
_tBOOK
_u2015-11-24
_xTEOLOGIA
_PP35
_0COMPRA
_o.STAFF. Colección Teología
999 _a286.7325 DTG
_wDEWEY
_c10
_i72127
_d2019-9-26
_e2019-6-19
_f2021-11-11
_g5
_lCCODEBUL1
_mBUL
_n20
_p10.00
_q7
_r0
_sY
_tBOOK
_u2015-11-24
_xTEOLOGIA
_PP35
_0COMPRA
_o.STAFF. Colección Teología
980 _81
_gALBERTO SANCHEZ Responsable de Automatización